| 000 | 00702nam a22001937a 4500 | ||
|---|---|---|---|
| 999 |
_c190859 _d190859 |
||
| 005 | 20220808110451.0 | ||
| 010 | _aENG-134345 | ||
| 020 |
_a9789387102804 _c220.00 |
||
| 035 | _aEN-117877 | ||
| 037 | _bDBAD/PUB | ||
| 082 | _a339 | ||
| 245 |
_aRelationship Between Macro Economic Variables and Stock Market Indices-Evidence From Bombay Stock Exchange/ _cEdited by P. Srinivasan and K. Murugadoss |
||
| 260 |
_aTamil Nadu _bShanlax Publications _c2018 |
||
| 270 |
_a61, 66 T.P.K. Main Road, Vasantha Nagar _bMadurai _e625003 _mpublisher@shanlaxpublications.com |
||
| 300 |
_a194p. _c22cm(pbk) |
||
| 700 | _aSrinivasan, P. | ||
| 700 | _aMurugadoss, K. | ||
| 942 |
_2ddc _cEN _h339 _mREL |
||